Leader xxxxxxxxxx
001 __ PCLIS00034590
005 __ 20210831132847.0
010 0_ |a957-32-5126-4|b精裝|dNT$280
100 __ |a20040227d2004 y0chiy09 e
101 1_ |achi|ceng
102 __ |atw
105 __ |aa z 000yy
200 1_ |a阿曼達的瘋狂大夢|e乘法的秘密|f辛蒂.紐斯汪德(Cindy Neuschwander)文|g麗莎.伍卓芙(Liza Woodruff)圖|g瑪瑞琳.伯恩斯(Marilyn Burns)活動設計|g吳梅瑛譯
210 __ |a臺北市|c遠流|d2004[民93]
215 0_ |a43面|c彩圖|d28公分
225 2_ |a魔數小子|v2
260 1_ |a2004
454 _1 |12001 |aAmanda Bean's amazing dream
461 _0 |12001 |a魔數小子|v2
606 __ |2csh|a數學|x通俗作品
681 __ |a859.4|b0591|yV.2
700 _1 |a紐斯汪德|c(Neuschwander, Cindy)|4文
702 _1 |a吳|b梅瑛|4譯
702 _1 |a伍卓芙|c(Woodruff, Liza)|4圖
702 _1 |a柏恩斯|c(Burns, Marilyn, 1941- )|4活動設計
770 _1 |aNeuschwander, Cindy
772 _1 |aWoodruff, Liza
772 _1 |aBurns, Marilyn|f1941-
801 _0 |atw|b靜宜|c20040227|gCCR
801 _1 |atw|b內湖高中|c20040917|gCCR
801 _2 |atw|b內湖高中|c20040917|gCCR
|